000 00433nam a2200181 i 4500
001 bg
100 1 _aSTANISZEWSKI, Bogumił.
245 1 0 _aTermodynamika /
_cBogumił Staniszewski.
250 _aWyd.2 popr.
260 _aWarszawa,
_c1978.
650 9 _aTermodynamika
655 _aPodręczniki akademickie
040 _cBPK
041 _apol
080 _a536(075.8)
942 _cKS
008 s pl f |000 0 pol
999 _c687
_d687
856 _uhttp://koha.tu.koszalin.pl/cgi-bin/koha/opac-detail.pl?biblionumber=687
_yKatalog online BPK